Top 15 the most populous countries in Africa - Statistics

General Stats
  • This quiz has been taken 60 times
    55 since last reset
  • The average score is 14 of 15
Answer Stats
Population Answer % Correct
206,139,587 Nigeria
100%
101,007,083 Egypt
98%
100,829,000 Ethiopia
98%
59,622,350 South Africa
98%
43,900,000 Algeria
96%
91,994,000 DR Congo
96%
42,883,250 Sudan
96%
57,637,628 Tanzania
94%
36,036,063 Morocco
92%
31,127,674 Angola
90%
47,564,296 Kenya
90%
30,955,202 Ghana
86%
41,583,600 Uganda
86%
30,066,648 Mozambique
78%
26,453,542 Ivory Coast
74%
No matching quizzes found
Score Distribution
Percent of People with Each Score
Percentile by Number Answered
Your Score History
You have not taken this quiz since the last reset